<?xml version="1.0" encoding="UTF-8"?>
<record
    xmlns:xsi="http://www.w3.org/2001/XMLSchema-instance"
    xsi:schemaLocation="http://www.loc.gov/MARC21/slim http://www.loc.gov/standards/marcxml/schema/MARC21slim.xsd"
    xmlns="http://www.loc.gov/MARC21/slim">

  <leader>01320naa a2200229 i 4500</leader>
  <controlfield tag="001">6926</controlfield>
  <controlfield tag="003">KOSZ 005</controlfield>
  <controlfield tag="005">20180307125650.0</controlfield>
  <controlfield tag="008">150505s2012    pl  n  f     |000  0pol</controlfield>
  <datafield tag="040" ind1=" " ind2=" ">
    <subfield code="c">KOSZ 005</subfield>
    <subfield code="a">KOSZ 005</subfield>
    <subfield code="d">KOSZ 005/HR</subfield>
  </datafield>
  <datafield tag="080" ind1=" " ind2=" ">
    <subfield code="a">614.2</subfield>
  </datafield>
  <datafield tag="080" ind1=" " ind2=" ">
    <subfield code="a">336.56</subfield>
  </datafield>
  <datafield tag="100" ind1="1" ind2=" ">
    <subfield code="a">ZALESKA, Beata.</subfield>
    <subfield code="d">1996 - .</subfield>
    <subfield code="b">Politechnika Koszali&#x144;ska - Wydzia&#x142; Nauk Ekonomicznych,</subfield>
    <subfield code="c">Katedra Rachunkowo&#x15B;ci.</subfield>
  </datafield>
  <datafield tag="245" ind1="1" ind2="0">
    <subfield code="a">Formy pomocy pa&#x144;stwa w odd&#x142;u&#x17C;aniu szpitali w Polsce w latach 1994-2012 /</subfield>
    <subfield code="c">Beata Zaleska.</subfield>
  </datafield>
  <datafield tag="246" ind1="3" ind2="1">
    <subfield code="a">Forms of state assistance with debt adjustment of hospitals in Poland in 1994-2012</subfield>
  </datafield>
  <datafield tag="500" ind1=" " ind2=" ">
    <subfield code="a">Dane z autopsji.</subfield>
  </datafield>
  <datafield tag="520" ind1=" " ind2=" ">
    <subfield code="a">Celem artyku&#x142;u jest ukazanie problematyki powstawania d&#x142;ug&#xF3;w szpitali, kt&#xF3;re od lat utrzymuj&#x105; si&#x119; na wysokim poziomie. Zaprezentowano przyczyny powstawania zad&#x142;u&#x17C;enia szpitali prowadzonych w formie samodzielnych publicznych zak&#x142;ad&#xF3;w opieki zdrowotnej. Ukazano tak&#x17C;e dzia&#x142;ania pa&#x144;stwa, kt&#xF3;re maj&#x105; pom&#xF3;c szpitalom w uzyskaniu p&#x142;ynno&#x15B;ci i polepszeniu ich kondycji finansowej.</subfield>
  </datafield>
  <datafield tag="650" ind1=" " ind2=" ">
    <subfield code="a">Szpitale. </subfield>
  </datafield>
  <datafield tag="650" ind1=" " ind2=" ">
    <subfield code="a">Odd&#x142;u&#x17C;enie. </subfield>
  </datafield>
  <datafield tag="773" ind1="0" ind2=" ">
    <subfield code="i">W :</subfield>
    <subfield code="t">Zeszyty Naukowe Wydzia&#x142;u Nauk Ekonomicznych Politechniki Koszali&#x144;skiej. -</subfield>
    <subfield code="d">Koszalin : Wydaw. Politechniki Koszali&#x144;skiej. -</subfield>
    <subfield code="g">2012, nr 16, s. 133-145</subfield>
    <subfield code="x">2300-1232</subfield>
  </datafield>
  <datafield tag="942" ind1=" " ind2=" ">
    <subfield code="c">ART</subfield>
    <subfield code="2">UKD</subfield>
  </datafield>
  <datafield tag="999" ind1=" " ind2=" ">
    <subfield code="c">6926</subfield>
    <subfield code="d">6926</subfield>
  </datafield>
  <datafield tag="952" ind1=" " ind2=" ">
    <subfield code="0">0</subfield>
    <subfield code="1">0</subfield>
    <subfield code="4">0</subfield>
    <subfield code="7">0</subfield>
    <subfield code="a">BPK</subfield>
    <subfield code="b">BPK</subfield>
    <subfield code="o">0102</subfield>
    <subfield code="y">ART</subfield>
  </datafield>
</record>
